[Event "Schwaebisch Gmuend op"]
[Site "Schwaebisch Gmuend"]
[Date "1995.??.??"]
[Round "?"]
[White "Skomorokhin, Roman"]
[Black "Arbakov, Valentin"]
[Result "0-1"]
[WhiteElo "2465"]
[BlackElo "2500"]

1.d4 Nf6 2.c4 d6 3.g3 g6 4.Nf3 Bg7 5.Bg2 O-O 6.O-O Na6 7.Nc3 c5 8.h3 Bd7
9.b3 Rb8 10.Bb2 cxd4 11.Nxd4 Nc5 12.Kh2 a6 13.Qd2 Ne6 14.Nxe6 Bxe6 15.e4 Qa5
16.Rad1 Rfc8 17.f4 b5 18.f5 Bd7 19.fxg6 hxg6 20.e5 dxe5 21.Rxf6 Bxf6 22.Qxd7 Rd8
23.Qg4 e4 24.Nd5 Rxd5 25.Rxd5 Bxb2 26.Qxe4 e6 27.Rd7 bxc4 28.Qf4 Rf8 29.bxc4 Bg7
30.Qe3 Qa4 31.Qd3 Qa5 32.Qe3 Qa4 33.Qd3 Qb4 34.Ra7 Qb6 35.Rb7 Qc5 36.h4 Be5
37.Kh3 Kg7 38.a4 Rc8 39.Qd7 Rc7 40.Rxc7 Bxc7 41.Qd3 a5 42.Bf3 Qe5 43.Be2 Bd6
44.Kg2 Kf8 45.Bd1 Bb4 46.Qd8+ Kg7 47.Qd3 Bc5 48.Bf3 Bd4 49.Qe4 Qc5 50.Qd3 Bf6
51.Bd1 Qb4 52.Kf1 Be5 53.Kg2 Qb2+ 54.Bc2 Bd4 55.g4 Qb7+ 56.Qe4 Qb2 57.h5 gxh5
58.gxh5 f5 59.Qd3 Qb7+ 60.Qf3 Qxf3+ 61.Kxf3 Kh6 62.Bb3 Kxh5 63.c5 e5 64.c6 Bb6
65.Ke2 e4 66.Kd2 Kg4 67.Bd1+ Kf4 68.Kc3 Ke3 69.Kc4 Kd2 70.Bh5 f4 71.Kd5 f3  0-1

[Event "Siauliai"]
[Site "Siauliai"]
[Date "1995.??.??"]
[Round "3"]
[White "Butnorius, Algimantas"]
[Black "Pandars, Maris"]
[Result "1-0"]
[WhiteElo "2425"]
[BlackElo "2000"]

1.Nf3 Nf6 2.c4 g6 3.d4 Bg7 4.g3 O-O 5.Bg2 d6 6.O-O Nbd7 7.Nc3 e5 8.e4 exd4
9.Nxd4 Re8 10.Re1 a5 11.h3 Nc5 12.Qc2 Bd7 13.Be3 Qc8 14.Kh2 Re5 15.f3 Rh5
16.h4 c6 17.Rad1 h6 18.Kg1 Re5 19.Nde2 Bf8 20.Nf4 g5 21.hxg5 Rxg5 22.Nce2 Be7
23.Nd3 Nxd3 24.Qxd3 Rg6 25.Kf2 Qf8 26.Rh1 Qg7 27.Bf4 a4 28.Nd4 Ra5 29.Nf5 Bxf5
30.exf5 Rg5 31.Bxg5 Qxg5 32.Qe3 Rxf5 33.Qxg5+ hxg5 34.Rhe1 Kf8 35.Re2 d5
36.cxd5 Bc5+ 37.Ke1 Nxd5 38.Rd3 Bd6 39.Kf2 Bc5+ 40.Kf1 Bd6 41.Bh3 Rf6 42.Kg2 Nb4
43.Rd4 b5 44.Bd7 Bc5 45.Re8+ Kg7 46.Rg4 Rg6 47.Re5 Nd5 48.Rgxg5 Rxg5 49.Rxg5+ Kf6
50.Rh5 Kg6 51.Rh1 Ne3+ 52.Kh3 Bd4 53.Bxc6 Bxb2 54.Bxb5 a3 55.Re1 Nc2 56.Bd3+  1-0

[Event "Siauliai"]
[Site "Siauliai"]
[Date "1995.??.??"]
[Round "5"]
[White "Butnorius, Algimantas"]
[Black "Veja, Ginta"]
[Result "1-0"]
[WhiteElo "2425"]
[BlackElo "2070"]

1.Nf3 Nf6 2.c4 g6 3.d4 Bg7 4.g3 O-O 5.Bg2 d6 6.O-O Nbd7 7.Nc3 e5 8.e4 exd4
9.Nxd4 Nc5 10.h3 Re8 11.Re1 a5 12.Qc2 Nfxe4 13.Nxe4 Bxd4 14.Bg5 Qd7 15.Nf6+ Bxf6
16.Bxf6 Re6 17.Bc3 c6 18.Rad1 f6 19.b3 Qf7 20.Rxe6 Bxe6 21.Rxd6 Nd7 22.Qe4 Bf5
23.Qd4 Rf8 24.g4 Be6 25.f4  1-0

[Event "Asia-chT"]
[Site "Singapore"]
[Date "1995.??.??"]
[Round "1"]
[White "Safin, Shukhrat"]
[Black "Saud, Mohamed"]
[Result "1-0"]
[WhiteElo "2455"]
[BlackElo "2205"]

1.Nf3 Nf6 2.g3 g6 3.Bg2 Bg7 4.d4 O-O 5.c4 d6 6.O-O Nc6 7.Nc3 e5 8.d5 Na5
9.Nd2 c5 10.dxc6 Nxc6 11.Nde4 Nxe4 12.Nxe4 Nd4 13.Bg5 f6 14.Be3 Nf5 15.Qd5+ Kh8
16.Rfd1 Nxe3 17.fxe3 Qb6 18.Nxd6 Qxe3+ 19.Kh1 h5 20.Qe4 Qxe4 21.Bxe4 Bg4
22.Re1 Kh7 23.Bxb7 Rab8 24.c5 Rfd8 25.c6 Bf8 26.c7 Bxd6  1-0

[Event "Asia-chT"]
[Site "Singapore"]
[Date "1995.??.??"]
[Round "5"]
[White "Ginting, Nasib"]
[Black "Temirbaev, Serik"]
[Result "1-0"]
[WhiteElo "2385"]
[BlackElo "2500"]

1.d4 Nf6 2.c4 g6 3.Nf3 Bg7 4.g3 O-O 5.Bg2 d6 6.O-O Nc6 7.Nc3 a6 8.h3 Rb8
9.e4 Nd7 10.Be3 e5 11.Rc1 h6 12.b3 Kh7 13.Qd2 b6 14.Rfd1 Bb7 15.dxe5 Ncxe5
16.Nxe5 Nxe5 17.f4 Nc6 18.Qf2 Qc8 19.Nd5 a5 20.a3 Re8 21.g4 Ne7 22.Bd4 Ng8
23.g5 Bxd4 24.Rxd4 Rf8 25.Qh4 Bxd5 26.cxd5 Qd8 27.Rdc4 Rb7 28.Qg3 f6 29.h4 fxg5
30.hxg5 Ra7 31.Bh3 Qe7 32.e5 Rd8 33.e6 Re8 34.f5 hxg5 35.fxg6+ Kxg6 36.Bf5+ Kg7
37.Rg4 Qf6 38.Rxg5+ Kh8 39.Rg6 Qd4+ 40.Kf1  1-0

[Event "Asia-chT"]
[Site "Singapore"]
[Date "1995.??.??"]
[Round "9"]
[White "Ginting, Nasib"]
[Black "Peng Xiaomin"]
[Result "0-1"]
[WhiteElo "2385"]
[BlackElo "2510"]

1.d4 Nf6 2.c4 g6 3.Nf3 Bg7 4.g3 O-O 5.Bg2 d6 6.O-O Nbd7 7.Nc3 e5 8.e4 exd4
9.Nxd4 Re8 10.h3 Nc5 11.Re1 Bd7 12.Rb1 h6 13.Kh2 a5 14.b3 h5 15.f3 Nh7 16.Be3 c6
17.Qd2 Qc7 18.f4 Nf6 19.Bf2 Re7 20.Nc2 Ne6 21.Rbd1 h4 22.Qxd6 Qxd6 23.Rxd6 Nh5
24.Nd5 cxd5 25.exd5 Bh6 26.dxe6 Bxe6 27.Re4 a4 28.b4 Rc7 29.Ne3 hxg3+ 30.Bxg3 Nxg3
31.Kxg3 Bf8 32.Rb6 Rd8 33.Re5 Bxc4 34.Nxc4 Rxc4 35.Bd5 Rc3+ 36.Kg4 Bd6 37.Re4 Kf8
38.f5 Rg3+ 39.Kh4 g5+ 40.Kh5 Kg7 41.Rg4 Rh8+  0-1

[Event "CRO-ch"]
[Site "Slavonski Brod"]
[Date "1995.??.??"]
[Round "?"]
[White "Hulak, Krunoslav"]
[Black "Ljubicic, Filip"]
[Result "1/2-1/2"]
[WhiteElo "2545"]
[BlackElo "2395"]

1.d4 Nf6 2.c4 g6 3.g3 Bg7 4.Bg2 d6 5.Nf3 O-O 6.O-O Nbd7 7.Nc3 e5 8.e4 c6
9.h3 Qe7 10.Bg5 h6 11.Be3 Ne8 12.Nh4 exd4 13.Bxd4 Ne5 14.b3 g5 15.Nf5 Bxf5
16.exf5 Qf6 17.g4 Nf3+ 18.Qxf3 Qxd4 19.Rac1 Be5 20.Rfd1  1/2-1/2

[Event "CRO-ch"]
[Site "Slavonski Brod"]
[Date "1995.??.??"]
[Round "?"]
[White "Hulak, Krunoslav"]
[Black "Rogic, Davor"]
[Result "1-0"]
[WhiteElo "2545"]
[BlackElo "2460"]

1.d4 Nf6 2.c4 g6 3.g3 Bg7 4.Bg2 O-O 5.Nf3 d6 6.O-O c6 7.Nc3 Qa5 8.e4 Bg4
9.h3 Bxf3 10.Bxf3 Nfd7 11.Be3 a6 12.Qb3 b5 13.Be2 bxc4 14.Qb7 Nb6 15.Qxe7 d5
16.Qc5 Qxc5 17.dxc5 d4 18.cxb6 dxe3 19.Rfd1 exf2+ 20.Kg2 c5 21.Bxc4 Nc6 22.Bd5 Rac8
23.Rac1 Bh6 24.Rc2 Nd4 25.Rxf2 Be3 26.Rff1 Rb8 27.Na4 Kg7 28.Rfe1 Bg5 29.b4 Nc2
30.bxc5 Ne3+ 31.Rxe3 Bxe3 32.b7 f5 33.c6 fxe4 34.c7 Rf2+ 35.Kh1 Rbf8 36.Bxe4 Rf1+
37.Rxf1 Rxf1+ 38.Kh2  1-0

[Event "CRO-ch"]
[Site "Slavonski Brod"]
[Date "1995.??.??"]
[Round "?"]
[White "Dizdar, Goran"]
[Black "Ljubicic, Filip"]
[Result "1/2-1/2"]
[WhiteElo "2510"]
[BlackElo "2395"]

1.Nf3 g6 2.d4 Nf6 3.c4 Bg7 4.g3 O-O 5.Bg2 d6 6.O-O Nbd7 7.Nc3 e5 8.e4 c6
9.h3 Qe7 10.Be3 Ne8 11.Re1 f5 12.exf5 gxf5 13.Qb3 e4 14.Nd2 c5 15.Ne2 Nc7
16.Qc2 Ne6 17.Nb3 cxd4 18.Nbxd4 Ne5 19.f4 Nd3 20.Red1 Bd7 21.Nxe6 Bxe6 22.Nd4 Rac8
23.Nxe6 Qxe6  1/2-1/2

[Event "CRO-ch playoff"]
[Site "Slavonski Brod"]
[Date "1995.??.??"]
[Round "3"]
[White "Dizdar, Goran"]
[Black "Kozul, Zdenko"]
[Result "0-1"]
[WhiteElo "2535"]
[BlackElo "2580"]

1.d4 Nf6 2.Nf3 g6 3.g3 Bg7 4.Bg2 O-O 5.c4 d6 6.O-O a6 7.Nc3 c6 8.e4 Nfd7
9.Re1 b5 10.e5 bxc4 11.e6 fxe6 12.Ng5 Nb6 13.Bh3 e5 14.Be6+ Bxe6 15.Nxe6 Qc8
16.Nxg7 Kxg7 17.dxe5 d5 18.e6 c5 19.Nxd5 Qb7 20.Nxb6 Qxb6 21.b3 Nc6 22.bxc4 Rad8
23.Qb3 Qxb3 24.axb3 a5 25.Be3 Rd3 26.Bxc5 Rxb3 27.Red1 Kf6 28.Rd7 Ra8 29.Re1 a4
30.Kg2 a3 31.Rc7 Ra6 32.h4 a2 33.Rxe7 Ne5 34.Re8 a1=Q 35.Rxa1 Rxa1 36.e7 Rbb1
37.Rf8+ Kg7 38.Rg8+ Kh6 39.Be3+ Kh5 40.g4+ Kxg4 41.f3+ Nxf3 42.Bd2 Ra2 43.Rd8 Nxd2  0-1

[Event "SLO-chT"]
[Site "?"]
[Date "1995.??.??"]
[Round "7"]
[White "Hulak, Krunoslav"]
[Black "Kozul, Zdenko"]
[Result "1/2-1/2"]
[WhiteElo "2555"]
[BlackElo "2580"]

1.d4 Nf6 2.c4 g6 3.g3 Bg7 4.Bg2 O-O 5.Nf3 d6 6.O-O c6 7.Nc3 Qa5 8.e4 Bg4
9.h3 Bxf3 10.Bxf3 Nfd7 11.Be3 Qb4 12.Be2 Qxb2 13.Na4 Qa3 14.Bc1 Qb4 15.Bd2  1/2-1/2

[Event "Sollentuna op"]
[Site "Sollentuna"]
[Date "1995.??.??"]
[Round "6"]
[White "Ornstein, Axel"]
[Black "Sandstrom, Ludvig"]
[Result "0-1"]
[WhiteElo "2440"]
[BlackElo "2320"]

1.Nf3 Nf6 2.c4 g6 3.d4 Bg7 4.g3 O-O 5.Bg2 d6 6.Nc3 c6 7.O-O Qa5 8.h3 Qa6
9.Qb3 Nbd7 10.Be3 Nb6 11.Nd2 Be6 12.d5 Bd7 13.Rfc1 Rac8 14.a4 cxd5 15.cxd5 Qa5
16.Bxb6 Qxb6 17.Qxb6 axb6 18.Nb5 Rfd8 19.Nc4 Bxb5 20.axb5 Rc5 21.b4 Rxb5
22.Rab1 Ra8 23.Ne3 Ra4 24.Rc8+ Bf8 25.Nc2 Nxd5 26.e3 Nxb4 27.Re8 Rc5 28.Rxb4 Ra2
29.Be4 f5 30.Nd4 fxe4 31.Rxb6 Rc1+ 32.Kg2 Kf7 33.Rb8 Bg7 34.Nb5 Be5 35.R8xb7 Rcc2
36.Nxd6+ Bxd6 37.Rxd6 Rxf2+ 38.Kg1 Rfe2 39.Rd1 Rxe3  0-1

[Event "ESP-chTa"]
[Site "Spain"]
[Date "1995.??.??"]
[Round "9"]
[White "Illescas Cordoba, Miguel"]
[Black "Roa Alonso, Santiago"]
[Result "1-0"]
[WhiteElo "2620"]
[BlackElo "2360"]

1.d4 g6 2.c4 Bg7 3.Nf3 Nf6 4.g3 O-O 5.Bg2 d6 6.Nc3 c6 7.O-O Nbd7 8.e4 e5
9.h3 Re8 10.Be3 exd4 11.Nxd4 Nc5 12.Qc2 Qe7 13.Rfe1 Bd7 14.Rad1 Nfxe4 15.Nxe4 Nxe4
16.Bf4 f5 17.f3 Bxd4+ 18.Rxd4 Qf6 19.Red1 g5 20.fxe4 gxf4 21.Rxd6 Be6 22.gxf4 fxe4
23.Qxe4 Qf5 24.Qd4 Kf7 25.Re1 c5 26.Qe4 Qxe4 27.Rxe4 Bf5 28.Re5 Rxe5 29.fxe5 Ke7
30.Bxb7 Rg8+ 31.Kf2 Rb8 32.Bd5 Rxb2+ 33.Kg3 Rxa2 34.Rc6 Ra1 35.Rxc5 Re1 36.Rc7+ Kd8
37.Rxa7 Bd7 38.Kf4 Bxh3 39.Rxh7 Bd7 40.Rh6 Ke7 41.Ra6 Re2 42.Ra7 Kd8 43.Ra6 Ke7
44.c5 Rd2 45.Be4 Rd4 46.Rh6 Rc4 47.c6 Be6 48.Rh7+ Kd8 49.Ke3 Rc3+ 50.Kf4 Rc4
51.Rg7 Rc5 52.Bg2 Rc2 53.Bh1 Rc1 54.Rh7 Rc5 55.Ra7 Rc1 56.Bf3 Rc3 57.Ra4 Rc5
58.Be4 Ke7 59.Ra7+ Kd8 60.Ra6 Ke7 61.Bf5  1-0

[Event "ESP-chTa"]
[Site "Spain"]
[Date "1995.??.??"]
[Round "9"]
[White "Izeta Txabarri, Felix"]
[Black "Brito, Alfredo"]
[Result "1-0"]
[WhiteElo "2495"]
[BlackElo "2360"]

1.d4 Nf6 2.Nf3 g6 3.c4 Bg7 4.g3 O-O 5.Bg2 d6 6.Nc3 a6 7.O-O Nc6 8.b3 Rb8
9.Nd5 Bg4 10.Bb2 b5 11.Nxf6+ Bxf6 12.Rc1 bxc4 13.Rxc4 Na5 14.Ra4 Nc6 15.Rxa6 Nb4
16.Ra4 Bd7 17.Ra7 Bc6 18.a3 Nd5 19.Qc2 Bb5 20.Rc1 c6 21.e4 Qb6 22.exd5 Qxa7
23.dxc6 Rfc8 24.d5 Bd3 25.Qxd3 Bxb2 26.Re1 Qxa3 27.Rxe7 Rxb3 28.Qe4 Bf6 29.Rxf7 Kxf7
30.Qe6+ Kg7 31.Qd7+ Kh6 32.Qh3+ Kg7 33.Qd7+ Kh6 34.Qxc8 Qc1+ 35.Bf1 Rxf3
36.c7 Rc3 37.Qh3+ Kg7 38.Qd7+ Kh6 39.Qh3+ Kg7 40.Qd7+ Kh6 41.Qxd6 Bd4 42.Qf8+ Kh5
43.Qe7 Bxf2+ 44.Kg2 Bxg3 45.hxg3 Kh6 46.d6 Qd2+ 47.Be2 Qd5+ 48.Kh2 Rf3 49.Bxf3 Qxf3
50.Qh4+ Kg7 51.Qd4+  1-0

[Event "St Ingbert op"]
[Site "St Ingbert op"]
[Date "1995.??.??"]
[Round "7"]
[White "Heck, Norbert"]
[Black "Arbakov, Valentin"]
[Result "0-1"]
[WhiteElo "2310"]
[BlackElo "2455"]

1.d4 Nf6 2.Nf3 g6 3.c4 Bg7 4.g3 O-O 5.Bg2 d6 6.Nc3 Nbd7 7.O-O e5 8.e4 a6
9.h3 Rb8 10.Re1 b5 11.cxb5 axb5 12.d5 b4 13.Na4 Ne8 14.Be3 h6 15.Nh4 Kh7
16.Qc2 Ndf6 17.Rad1 Nh5 18.b3 Nf4 19.Kh2 Nxg2 20.Kxg2 Ra8 21.Bd2 Qd7 22.g4 h5
23.Qc6 Qxc6 24.dxc6 hxg4 25.hxg4 Bxg4 26.f3 Be6 27.Bxb4 Ra6 28.Rc1 Bh6 29.Rc2 Bg5
30.Kg3 Kg7 31.Ng2 Rh8 32.Ree2 Rh3+ 33.Kf2 f5 34.Nc3 Rxc6 35.Nd5 Rxc2 36.Rxc2 c5
37.Ba5 fxe4 38.fxe4 Bxd5 39.exd5 Nf6 40.Bc7 Kf7 41.Rc4 Ke7 42.Bb8 Rh8 43.Ba7 Nxd5
44.Rg4 Kf6 45.Ra4 Ra8 46.Kf3 Ke6 47.Ne1 Nc3  0-1

[Event "St Ingbert op"]
[Site "St Ingbert op"]
[Date "1995.??.??"]
[Round "8"]
[White "Moskalenko, Viktor"]
[Black "Schmaltz, Roland"]
[Result "1-0"]
[WhiteElo "2545"]
[BlackElo "2445"]

1.d4 d6 2.Nf3 Nf6 3.c4 g6 4.g3 Bg7 5.Bg2 O-O 6.Nc3 Nbd7 7.O-O e5 8.e4 exd4
9.Nxd4 Nc5 10.h3 Re8 11.Re1 Bd7 12.Bf4 h6 13.Nb3 Ne6 14.Be3 a5 15.Kh2 a4
16.Nd4 Nc5 17.Qc2 c6 18.Rad1 Qa5 19.Bf4 Ne6 20.Nxe6 Bxe6 21.Bxd6 Bxc4 22.e5 Nd7
23.f4 Nb6 24.Bc7 Rec8 25.Bxb6 Qxb6 26.Nxa4 Qb4 27.b3 Be6 28.Nc5 Bf5 29.Be4 Ra5
30.Na4 Be6 31.Re2 h5 32.Rd6 h4 33.Bxg6 hxg3+ 34.Kxg3 Rd5 35.Bf5 Rxd6 36.exd6 Qxd6
37.Bxe6 fxe6 38.Qg6 b5 39.Nc5 Qxc5 40.Qxe6+ Kh7 41.Qxc8 Qg1+ 42.Rg2  1-0

[Event "Furman mem"]
[Site "St Petersburg"]
[Date "1995.??.??"]
[Round "4"]
[White "Savon, Vladimir A"]
[Black "Zaitsev, Igor A"]
[Result "1-0"]
[WhiteElo "2415"]
[BlackElo "2470"]

1.d4 Nf6 2.Nf3 g6 3.c4 Bg7 4.g3 O-O 5.Bg2 d6 6.Nc3 Nc6 7.O-O e5 8.d5 Ne7
9.e4 Bd7 10.Ne1 Re8 11.Nd3 c6 12.a4 a5 13.Qb3 Rb8 14.Kh1 Nc8 15.dxc6 Bxc6
16.Be3 Ng4 17.Bd2 Qb6 18.Nb5 Bh6 19.Bc3 Bg7 20.Rae1 Qd8 21.h3 Nf6 22.c5 Qd7
23.cxd6 Nxd6 24.Nxe5 Rxe5 25.Bxe5 Nfxe4 26.Nxd6 Nxd6 27.Bxc6 Qxc6+ 28.Kg1 Bxe5
29.Rxe5 Nc4 30.Re7 b5 31.Rd1 Qf6 32.Rdd7 Ne5 33.Rxe5  1-0

[Event "St Petersburg op"]
[Site "St Petersburg"]
[Date "1995.??.??"]
[Round "5"]
[White "Nepomnishay, Mikhail I"]
[Black "Tseshkovsky, Vitaly"]
[Result "1/2-1/2"]
[WhiteElo "2410"]
[BlackElo "2530"]

1.Nf3 g6 2.d4 Bg7 3.c4 Nf6 4.g3 O-O 5.Bg2 d6 6.O-O a6 7.b3 b5 8.Nbd2 c6 9.Bb2 Nbd7
10.Rc1 Bb7 11.Qc2 Re8 12.e4 e5 13.dxe5 dxe5 14.c5 a5 15.a3 Qc7 16.b4 Bc8
17.Bc3 a4 18.Qb2 Nh5 19.Rcd1 Nf8 20.Ne1 Bg4 21.Ndf3 f6 22.Nc2 Rad8 23.Ne3 Be6
24.Qe2 Bh6 25.Rfe1 Rxd1 26.Rxd1 Rd8 27.Rxd8 Qxd8 28.Nd2 Ng7 29.h4 Ne8 30.h5 Qd7
31.Bf3 Bxe3 32.Qxe3 Bg4 33.hxg6 hxg6 34.Bg2 Bh3 35.Bf3 g5 36.Be2 Ng6 37.Qd3 Qxd3
38.Bxd3 Be6 39.Nf1 Bb3 40.Ne3 Ng7 41.f3 Kf7 42.Kf2  1/2-1/2

[Event "Chigorin mem"]
[Site "St Petersburg"]
[Date "1995.??.??"]
[Round "5"]
[White "Tregubov, Pavel V"]
[Black "Loskutov, Oleg"]
[Result "1-0"]
[WhiteElo "2490"]
[BlackElo "2390"]

1.d4 Nf6 2.c4 g6 3.Nf3 Bg7 4.g3 O-O 5.Bg2 d6 6.O-O c5 7.d5 e6 8.dxe6 Bxe6
9.Ng5 Nc6 10.Nxe6 fxe6 11.Nc3 Qe7 12.Bf4 Rfd8 13.Qd2 Qf7 14.Rad1 Nd4 15.e3 Nc6
16.Qe2 Bf8 17.Bg5 h6 18.Bxf6 Qxf6 19.f4 Rd7 20.g4 Bg7 21.g5 hxg5 22.Ne4 Qe7
23.Nxg5 Nd8 24.Qg4 Bxb2 25.Nxe6 Nxe6 26.Bd5 Kg7 27.Bxe6 Rdd8 28.f5 g5 29.h4 Rh8
30.f6+ Bxf6 31.hxg5 Be5 32.Rf7+ Qxf7 33.Bxf7 Kxf7 34.Qd7+ Kg6 35.Qe6+ Kg7
36.Rf1 Rhf8 37.Qe7+ Kg8 38.Rxf8+ Rxf8 39.g6 Rf3 40.Qh7+ Kf8 41.Kg2 Rg3+ 42.Kf2 Ke8
43.Qf7+ Kd8 44.a4 a5 45.Qe6 Rg5 46.Kf3 Rg3+ 47.Ke4 Rg5 48.Qg8+ Kc7 49.Qf7+ Kb8
50.Qe6 Rg3 51.Kd5 Kc7 52.Qe8 Kb6 53.Ke6 Rxe3 54.Kd7 Rb3 55.Qd8+ Ka6 56.Qa8+ Kb6
57.Kc8 Kc6 58.Qb8  1-0

[Event "St Veit op"]
[Site "St Veit"]
[Date "1995.??.??"]
[Round "9"]
[White "Piven, Igor"]
[Black "Hebesberger, Thomas"]
[Result "1-0"]
[WhiteElo "2360"]
[BlackElo "2130"]

1.c4 g6 2.d4 Bg7 3.Nf3 Nf6 4.g3 O-O 5.Bg2 d6 6.O-O Nbd7 7.Nc3 e5 8.e4 c6
9.h3 Qb6 10.b3 exd4 11.Na4 Qc7 12.Nxd4 Re8 13.Nc3 Nc5 14.Re1 a5 15.Bf4 Nfd7
16.Re2 Ne5 17.Rd2 a4 18.Rb1 axb3 19.axb3 h5 20.Be3 Ne6 21.f4 Qa5 22.Nce2 Bh6
23.Nc2 Qd8 24.fxe5 Bxe3+ 25.Nxe3 Qg5 26.Nf1 dxe5 27.h4 Qe7 28.Qe1 Ra3 29.Kh2 Nc5
30.Qd1 g5 31.hxg5 Qxg5 32.b4 Ne6 33.Rb3 Rxb3 34.Qxb3 Kh8 35.Qe3 Qg6 36.Ng1 Ng5
37.Nf3 Nxf3+ 38.Qxf3 Rg8 39.Ne3 Be6  1-0

[Event "Stockholm"]
[Site "Stockholm"]
[Date "1995.??.??"]
[Round "3"]
[White "Ornstein, Axel"]
[Black "Ernst, Thomas"]
[Result "1-0"]
[WhiteElo "2450"]
[BlackElo "2455"]

1.d4 Nf6 2.Nf3 g6 3.c4 Bg7 4.g3 O-O 5.Bg2 d6 6.Nc3 Nc6 7.O-O a6 8.d5 Na5
9.Nd2 c5 10.Qc2 Rb8 11.b3 b5 12.Bb2 bxc4 13.bxc4 Bh6 14.f4 e5 15.Rab1 exf4
16.gxf4 Re8 17.Nce4 Nxe4 18.Nxe4 Bf5 19.Bf6 Bxe4 20.Bxd8 Bxc2 21.Rxb8 Nxc4
22.Bc7 Rxb8 23.Bxb8 Ne3 24.Bxd6 Nxf1 25.Kxf1 c4 26.Be5 Bg7 27.Bxg7 Kxg7 28.d6 Kf8
29.e4 c3 30.Ke2 a5 31.e5 Bb1 32.a3 Bc2 33.Bc6 Bf5 34.h4 Bc2 35.Bb5 Be4 36.Ba4 Bb1
37.Kd1 Bf5 38.Bc2 Bg4+ 39.Ke1 f6 40.Bb3 fxe5 41.fxe5 h6 42.e6 Bf5 43.Bc4 g5
44.h5 g4 45.e7+ Ke8 46.Bb5+ Bd7 47.Bd3 Kf7 48.Bg6+ Kf6 49.e8=Q Bxe8 50.Bxe8 Ke6
51.Bg6 Kxd6 52.Kf2 Kc5 53.Kg3 Kd4 54.Kxg4 Ke3 55.a4 Kd2 56.Be4 c2 57.Bxc2 Kxc2
58.Kf5 Kb3 59.Kg6 Kxa4 60.Kxh6 Kb3 61.Kg5 a4 62.h6 a3 63.h7  1-0

[Event "SVK-chT"]
[Site "?"]
[Date "1995.??.??"]
[Round "?"]
[White "Blaho, Stefan"]
[Black "Adamko, Peter"]
[Result "0-1"]
[WhiteElo "2210"]
[BlackElo "2245"]

1.d4 Nf6 2.Nf3 g6 3.c4 Bg7 4.g3 O-O 5.Bg2 d6 6.Nc3 c6 7.O-O Na6 8.e4 Bg4
9.h3 Bxf3 10.Bxf3 e6 11.Bf4 Qe7 12.e5 dxe5 13.Bxe5 Rfd8 14.Qe2 Rd7 15.Rfe1 Rad8
16.Rad1 Qf8 17.a3 Nc7 18.Na4 Na6 19.b4 Ne8 20.b5 Bxe5 21.Qxe5 cxb5 22.cxb5 Qxa3
23.Bc6 bxc6 24.Ra1 Qe7 25.bxa6 Rxd4 26.Rec1 R4d5 27.Qe3 Nd6 28.Rxc6 Nf5 29.Qf3 Nd4
30.Qc3 Ne2+ 31.Kg2 Nxc3  0-1

[Event "SVK-chT"]
[Site "?"]
[Date "1995.??.??"]
[Round "?"]
[White "Meduna, Eduard"]
[Black "Mrva, Martin"]
[Result "0-1"]
[WhiteElo "2480"]
[BlackElo "2400"]

1.d4 Nf6 2.Nf3 g6 3.g3 Bg7 4.Bg2 O-O 5.c4 d6 6.Nc3 Bg4 7.O-O Qc8 8.b3 Re8
9.Bb2 e5 10.d5 Na6 11.e4 h6 12.Qc2 c6 13.a3 Nc7 14.b4 cxd5 15.cxd5 h5 16.Qd2 Qd7
17.Qd3 Rac8 18.Bc1 Nh7 19.Bd2 Qe7 20.Rac1 Bd7 21.a4 a6 22.Rc2 f5 23.Rfc1 Na8
24.Be3 g5 25.b5 f4 26.Ba7 a5 27.b6 h4 28.Nb5 Rxc2 29.Rxc2 hxg3 30.hxg3 g4
31.Nh4 Qf6 32.Nc7 Rf8 33.Ne6 Bxe6 34.dxe6 Qxe6 35.Nf5 Rd8 36.Bf1 Nf6 37.Qb5 d5
38.Nxg7 Kxg7 39.exd5 Qf5 40.Qb2 Nxd5 41.gxf4 Nxf4 42.Rc5 Kf6 43.Qc2 Qg5 44.Rc8 Nh3+
45.Kh1 Qh4 46.Bxh3 Qxh3+ 47.Kg1 g3 48.Rxd8 Qh2+ 49.Kf1 g2+ 50.Ke2 Qh5+ 51.Ke3 g1=Q
52.Rd6+ Ke7 53.Re6+ Kxe6 54.Qc8+ Kf6 55.Qd8+ Kg7  0-1

[Event "SVK-chT"]
[Site "?"]
[Date "1995.??.??"]
[Round "?"]
[White "Trichkov, Vasil"]
[Black "Oral, Tomas"]
[Result "1/2-1/2"]
[WhiteElo "2415"]
[BlackElo "2405"]

1.d4 Nf6 2.Nf3 g6 3.g3 Bg7 4.Bg2 O-O 5.c4 d6 6.O-O Nc6 7.Nc3 a6 8.Bg5 Bf5
9.Qd2 Ne4 10.Nxe4 Bxe4 11.d5 Bxf3 12.Bxf3 Ne5 13.Rac1 Nxf3+ 14.exf3 Qd7 15.Rfe1 Rae8
16.b3 b6 17.h4 e5 18.Bh6 f5 19.Bxg7 Qxg7 20.f4 Qh6 21.Rcd1 exf4 22.Re6 Rxe6
23.dxe6 Re8 24.Re1 Re7 25.b4 Kg7 26.Qd4+ Kg8 27.Qd2 Kg7 28.Qd4+ Kg8 29.Qd2  1/2-1/2

[Event "SVK-chT"]
[Site "?"]
[Date "1995.??.??"]
[Round "?"]
[White "Husek, Zdenek"]
[Black "Polko, Juraj"]
[Result "1/2-1/2"]
[WhiteElo "2270"]
[BlackElo "2200"]

1.d4 Nf6 2.c4 g6 3.Nf3 Bg7 4.g3 O-O 5.Bg2 d6 6.O-O Nbd7 7.Bg5 h6 8.Bf4 Qe8
9.Qc1 Kh7 10.Nc3 c6 11.h3 e5 12.Be3 Qe7 13.c5 dxc5 14.dxe5 Nd5 15.Bf4 Nxf4
16.gxf4 f6 17.f5 gxf5 18.e6 Qxe6 19.Nh4 Rg8 20.Nxf5 Bf8 21.e4 Ne5 22.Qe3 c4
23.Kh1 Nd3 24.Ne2 Qe5 25.b3 Bxf5 26.bxc4 Rxg2 27.Kxg2 Qxe4+ 28.Qxe4 Bxe4+
29.f3 Bg6 30.Rad1 Re8 31.Ng3 Nf4+  1/2-1/2

[Event "SVK-chT"]
[Site "?"]
[Date "1995.??.??"]
[Round "?"]
[White "Husek, Zdenek"]
[Black "Balogh, Peter"]
[Result "0-1"]
[WhiteElo "2255"]
[BlackElo "2295"]

1.d4 Nf6 2.c4 g6 3.Nf3 Bg7 4.g3 O-O 5.Bg2 d6 6.O-O c5 7.Nc3 Nc6 8.dxc5 dxc5
9.Be3 Be6 10.Bxc5 Qa5 11.b4 Nxb4 12.Bxe7 Rfe8 13.Bxb4 Qxb4 14.Nd5 Nxd5 15.cxd5 Bxa1
16.dxe6 Bf6 17.exf7+ Kxf7 18.e4 Kg7 19.e5 Be7 20.Nd4 Bc5 21.Nf3 Rad8 22.Qc2 b6
23.h4 Qa3 24.Qc4 Qd3 25.Qg4 Qc2 26.Ng5 Qxa2 27.h5 Rxe5 28.h6+ Kg8 29.Qf4 Re7
30.Ne4 Bd4 31.Nf6+ Bxf6 32.Qxf6 Qf7 33.Qg5 Red7 34.Rc1 Qf5 35.Qe3 Qf6 36.Bf1 Re7
37.Bc4+ Kh8 38.Qa3 Rf8 39.Qa2 g5 40.Bd5 Qxh6 41.Kg2 Qf6 42.Rc4 Rd7 43.Rc2 Rfd8
44.Be4 g4 45.Re2 Re7 46.Qc2 Rde8 47.Re3  0-1

[Event "SWZ-chT"]
[Site "SWZ"]
[Date "1995.??.??"]
[Round "2"]
[White "Robert, Antonin"]
[Black "Lurje, Pawel"]
[Result "0-1"]
[WhiteElo "2245"]
[BlackElo "2215"]

1.d4 Nf6 2.Nf3 g6 3.c4 Bg7 4.g3 O-O 5.Bg2 d6 6.O-O Nbd7 7.Qc2 e5 8.dxe5 dxe5
9.e4 Qe7 10.h3 Nc5 11.Nc3 c6 12.Be3 a5 13.Rfd1 Nfd7 14.Rac1 Re8 15.Kh2 Nf8
16.Na4 Nxa4 17.Qxa4 Qb4 18.Qc2 a4 19.c5 Qa5 20.Bf1 Be6 21.Bc4 Qb4 22.a3 Qxc4
23.Qxc4 Bxc4 24.Rxc4 Re7 25.Kg2 Ne6 26.Rc2 f6 27.Rc4 Kf7 28.Rc2 Bf8 29.Rc4 Rc7
30.Ne1 Ke8 31.f4 exf4 32.gxf4 Ra5 33.Rdc1 Rb5 34.R1c2 Bh6 35.Kf3 Rb3 36.R2c3 Rxb2
37.Rxa4 Rd7 38.Nd3 Rb1 39.Ra8+ Kf7 40.f5 Ng5+ 41.Bxg5 Bxg5 42.Nf2 Rb2 43.Nd3 Rb1
44.Nf2 Rb5 45.Rd3 Re7 46.Rh8 Kg7 47.Rdd8 Rb3+ 48.Kg2 gxf5 49.exf5 Kh6 50.Ng4+ Kh5
51.Rde8 Rd7 52.Rd8 Rxd8 53.Rxd8 Kh4 54.Nf2 Rg3+ 55.Kf1 Rf3 56.Rd4+ Kh5 57.Rd7 Rxf5
58.Ke2 Kg6 59.Rxb7 Rxc5 60.Kd3 Rd5+ 61.Kc4 Be3 62.Nd3 Rd4+ 63.Kc3 Rh4 64.Rc7 c5
65.Rc6 Rxh3 66.a4 Bd4+ 67.Kc4 Rh2 68.Nxc5 Bxc5 69.Kxc5 Rc2+  0-1

[Event "SWZ-ch"]
[Site "SWZ"]
[Date "1995.??.??"]
[Round "3"]
[White "Gerber, Richard"]
[Black "Gallagher, Joseph G"]
[Result "0-1"]
[WhiteElo "2360"]
[BlackElo "2515"]

1.d4 Nf6 2.c4 g6 3.Nf3 Bg7 4.g3 O-O 5.Bg2 d6 6.O-O Nbd7 7.Nc3 e5 8.e4 exd4
9.Nxd4 a6 10.h3 Re8 11.Re1 Rb8 12.a4 Nc5 13.a5 h6 14.Kh2 Kh7 15.Ra2 Ne6 16.Be3 Nxd4
17.Bxd4 c5 18.Be3 Be6 19.Qd3 b5 20.axb6 Rxb6 21.Nd5 Nxd5 22.cxd5 Bd7 23.Bd2 Bb5
24.Qc2 Rb7 25.Ra3 Bd4 26.f4 Rbe7 27.h4 h5 28.e5 dxe5 29.f5 e4 30.Rxe4 Rxe4
31.Bxe4 gxf5 32.Bf3 Qf6 33.Bg5 Qg6 34.Qd1 Bxb2 35.Bxh5 Qd6 36.Ra2 Be5 37.Qf3 Kg7
38.Bf4 c4 39.Bxe5+ Qxe5  0-1

[Event "SWZ-chT"]
[Site "SWZ"]
[Date "1995.??.??"]
[Round "3"]
[White "Lematschko, Tatjana"]
[Black "Weindl, Alfred"]
[Result "0-1"]
[WhiteElo "2310"]
[BlackElo "2350"]

1.d4 Nf6 2.c4 g6 3.Nf3 Bg7 4.g3 O-O 5.Bg2 d6 6.O-O Nbd7 7.b3 e5 8.Bb2 Re8
9.e3 Qe7 10.Nc3 Nf8 11.h3 h5 12.dxe5 dxe5 13.Nb5 e4 14.Nd2 N8h7 15.Qc2 a6
16.Nc3 Bf5 17.h4 Rad8 18.Rac1 g5 19.hxg5 Nxg5 20.Ne2 Bg4 21.Nf4 c6 22.Rfe1 h4
23.gxh4 Rxd2 24.Qxd2 Nf3+ 25.Bxf3 Bxf3 26.Bxf6 Bxf6 27.Red1 Bc3 28.Qd7 Qxd7
29.Rxd7 Be1 30.Rxb7 Rd8 31.Rc7 Rd6 32.h5 Kg7 33.c5 Rd2 34.Rxc6 Bxf2+ 35.Kh2 Bxe3+
36.Kg3 Bf2+ 37.Kh3 e3 38.h6+ Kh7 39.Rf6 Rd1 40.Rxf7+ Kxh6  0-1

[Event "SWZ-chT"]
[Site "SWZ"]
[Date "1995.??.??"]
[Round "3"]
[White "Gavrikov, Viktor"]
[Black "Nemet, Ivan"]
[Result "1/2-1/2"]
[WhiteElo "2605"]
[BlackElo "2395"]

1.d4 Nf6 2.c4 g6 3.g3 Bg7 4.Bg2 O-O 5.Nf3 d6 6.O-O c6 7.Nc3 Bf5 8.Nh4 Be6
9.d5 cxd5 10.cxd5 Bd7 11.Be3 Ng4 12.Bd4 Bxd4 13.Qxd4 Qb6 14.Qd2 Na6 15.h3 Ne5
16.b3 Rac8 17.Rac1 Rc7 18.Ne4 Rfc8 19.Rxc7 Rxc7 20.Rc1 Rxc1+ 21.Qxc1 f6 22.Nc3 Qc5
23.Qd2 Nc7 24.g4 Kg7 25.Nf3  1/2-1/2